[Event "Trelew op"]
[Site "Trelew"]
[Date "2019.08.18"]
[Round "5"]
[White "Balladares, Luis Alberto"]
[Black "Salamanca, Martin"]
[Result "1-0"]
[WhiteElo "1862"]
[BlackElo "1726"]
[PlyCount "71"]
[EventDate "2019.08.16"]
[EventType "swiss"]
[EventRounds "7"]
[EventCountry "ARG"]
[SourceTitle "EXT 2020"]
[Source "ChessBase"]
[SourceDate "2019.10.17"]
[SourceVersion "1"]
[SourceVersionDate "2019.10.17"]
[SourceQuality "1"]

1. d4 e6 2. c4 Nf6 3. Nc3 Bb4 4. a3 Bxc3+ 5. bxc3 0-0 6. f3 d6 7. e4 Nbd7 8. Bd3 b6 9. Bg5 c5 10. Ne2 Bb7 11. h4 Qc7 12. Qd2 Rac8 13. h5 Ba6 14. Rc1 Rfe8 15. g4 d5 16. e5 dxc4 17. Bxf6 Nxf6 18. exf6 gxf6 19. Bb1 cxd4 20. Qxd4 Qe5 21. Qxe5 fxe5 22. Be4 Rc5 23. Rd1 Ra5 24. Kf2 Bc8 25. a4 f5 26. gxf5 exf5 27. Bc6 Rf8 28. Bd5+ Kh8 29. h6 Bd7 30. Bxc4 Bxa4 31. Ra1 e4 32. f4 e3+ 33. Kxe3 Re8+ 34. Kf2 Bb5 35. Rxa5 Bxc4 36. Re5 1-0

[Event "Trelew op"]
[Site "Trelew"]
[Date "2019.08.17"]
[Round "3"]
[White "Balladares, Luis Alberto"]
[Black "Sabas, Jorge"]
[Result "1/2-1/2"]
[WhiteElo "1862"]
[BlackElo "2218"]
[PlyCount "76"]
[EventDate "2019.08.16"]
[EventType "swiss"]
[EventRounds "7"]
[EventCountry "ARG"]
[SourceTitle "EXT 2020"]
[Source "ChessBase"]
[SourceDate "2019.10.17"]
[SourceVersion "1"]
[SourceVersionDate "2019.10.17"]
[SourceQuality "1"]

1. d4 d5 2. c4 c6 3. Nc3 Nf6 4. Nf3 e6 5. cxd5 exd5 6. Bg5 Nbd7 7. e3 Qa5 8. Nd2 Bb4 9. Qb3 Ne4 10. Ndxe4 dxe4 11. Bf4 Nb6 12. a3 Nd5 13. Rc1 Bxc3+ 14. bxc3 Nxf4 15. exf4 0-0 16. g3 Be6 17. Qb4 Qd5 18. Bg2 b5 19. 0-0 a5 20. Qb1 f5 21. f3 exf3 22. Rxf3 Qd6 23. Re3 Bd7 24. Qa2+ Kh8 25. Rce1 b4 26. axb4 axb4 27. Qc4 Rab8 28. d5 c5 29. cxb4 Rxb4 30. Qc3 Rf7 31. Qe5 Qf8 32. d6 Rd4 33. Qxc5 Rxd6 34. Bd5 Rff6 35. Re7 h6 36. Bf7 Rc6 37. Qd5 Rcd6 38. Qc5 Rc6 1/2-1/2

[Event "ARG-ch sf U2300 Rojas Memorial"]
[Site "Santiago del Estero"]
[Date "2018.01.13"]
[Round "1.2"]
[White "Balladares, Luis Alberto"]
[Black "Suarez, Mauricio Josue"]
[Result "0-1"]
[WhiteElo "1873"]
[BlackElo "2057"]
[PlyCount "134"]
[EventDate "2018.01.13"]
[EventType "swiss"]
[EventRounds "6"]
[EventCountry "ARG"]
[SourceTitle "EXT 2024"]
[Source "ChessBase"]
[SourceDate "2023.10.10"]
[SourceVersion "1"]
[SourceVersionDate "2023.10.10"]
[SourceQuality "1"]

1. d4 Nf6 2. Bg5 d5 3. e3 e6 4. Bd3 c5 5. c3 Nc6 6. f4 Be7 7. Nd2 Qc7 8. Ngf3 cxd4 9. exd4 h6 10. Bxf6 gxf6 11. g3 Bd7 12. Qc2 0-0-0 13. 0-0-0 Kb8 14. Kb1 Rc8 15. Rc1 Na5 16. Rhe1 Bd6 17. Nf1 b5 18. Ne3 Nc4 19. Ng4 Qd8 20. Ne3 Rc6 21. Qe2 Qa5 22. b4 Qa4 23. Bc2 Qa3 24. Bb3 a5 25. bxa5 Qxa5 26. Ka1 Nxe3 27. Qxe3 Ba3 28. Rc2 Rhc8 29. Rb1 Rxc3 30. Rxc3 Qxc3+ 31. Qxc3 Rxc3 32. Bd1 Kc7 33. Rb3 Rc1+ 34. Rb1 b4 35. Rxc1+ Bxc1 36. Kb1 Be3 37. Bb3 Bb5 38. Bd1 Bd3+ 39. Kb2 Kb6 40. Kb3 Ka5 41. Kb2 Kb5 42. Kb3 Be4 43. Be2+ Ka5 44. Kb2 f5 45. Ne5 f6 46. Nc6+ Kb6 47. Nxb4 Bxd4+ 48. Kb3 Bg1 49. h3 Bh2 50. g4 Bxf4 51. a4 Bd2 52. Nc2 e5 53. gxf5 Bxf5 54. h4 Ka5 55. h5 Bd7 56. Na3 Bxa4+ 57. Kb2 Kb4 58. Nc2+ Bxc2 59. Kxc2 Bf4 60. Bg4 e4 61. Bf5 Kc4 62. Bg6 Kd4 63. Bf7 Ke5 64. Kd1 d4 65. Bb3 d3 66. Ke1 e3 67. Ba4 Bg3+ 0-1

[Event "Chascomus U2200 op"]
[Site "Chascomus"]
[Date "2016.08.05"]
[Round "1.4"]
[White "Taus, Alejandro"]
[Black "Balladares, Luis Alberto"]
[Result "0-1"]
[WhiteElo "1938"]
[BlackElo "1740"]
[PlyCount "124"]
[EventDate "2016.08.05"]
[EventType "swiss"]
[EventRounds "6"]
[EventCountry "ARG"]
[SourceTitle "EXT 2024"]
[Source "ChessBase"]
[SourceDate "2023.10.10"]
[SourceVersion "1"]
[SourceVersionDate "2023.10.10"]
[SourceQuality "1"]

1. d4 Nf6 2. Bf4 g6 3. e3 Bg7 4. Bd3 d6 5. Nf3 c5 6. c4 0-0 7. Qc2 Nc6 8. a3 Qa5+ 9. Nbd2 Nb4 10. Qb1 Nxd3+ 11. Qxd3 Bf5 12. Qc3 Qxc3 13. bxc3 Rac8 14. 0-0 Bd3 15. Rfc1 Nd7 16. Ne1 Be2 17. f3 cxd4 18. cxd4 Nb6 19. Rab1 e5 20. dxe5 dxe5 21. Bg5 f6 22. Bh4 Nxc4 23. Nxc4 Rxc4 24. Rxc4 Bxc4 25. Rxb7 a6 26. Rc7 Bb5 27. Nc2 Rd8 28. Be1 Rd7 29. Rxd7 Bxd7 30. Nb4 Bb5 31. Nd5 Kf7 32. Bb4 Bc4 33. Nb6 Bb3 34. Nd7 Ke8 35. Nc5 Bc4 36. Kf2 Bf8 37. Ne4 Bxb4 38. axb4 Ke7 39. Nc3 f5 40. e4 Kd6 41. Ke3 f4+ 42. Kf2 g5 43. g3 Kc6 44. gxf4 exf4 45. Ke1 Kd6 46. Kd2 Ke5 47. Na4 g4 48. fxg4 Kxe4 49. Nc5+ Kf3 50. g5 Kg2 51. Ke1 f3 52. Ne4 Bd5 53. Nf2 Kxh2 54. Ng4+ Kg3 55. Ne3 Be6 56. Kf1 Bh3+ 57. Ke1 f2+ 58. Ke2 f1Q+ 59. Nxf1+ Bxf1+ 60. Kxf1 Kg4 61. g6 hxg6 62. Kg2 Kf4 0-1

[Event "Antofagasta Zicosur op 2nd"]
[Site "Antofagasta"]
[Date "2016.01.06"]
[Round "3"]
[White "Balladares, Luis Alberto"]
[Black "Sanchez Ibanez, Benjamin Hector"]
[Result "1-0"]
[WhiteElo "1678"]
[BlackElo "1350"]
[PlyCount "53"]
[EventDate "2016.01.05"]
[EventType "swiss"]
[EventRounds "9"]
[EventCountry "CHI"]
[SourceTitle "CBM 170 Extra"]
[Source "ChessBase"]
[SourceDate "2016.02.25"]
[SourceVersion "1"]
[SourceVersionDate "2016.02.25"]
[SourceQuality "1"]

1. d4 Nf6 2. Bg5 c5 3. e3 Nc6 4. c3 cxd4 5. exd4 Ne4 6. Bf4 d5 7. f3 Nd6 8. Bd3 e6 9. Nd2 a6 10. Nh3 Be7 11. Nf2 f5 12. h4 Bxh4 13. Rxh4 Qxh4 14. Bxd6 Ne7 15. Qe2 0-0 16. 0-0-0 b5 17. Rh1 Qg5 18. f4 Qf6 19. g4 Re8 20. Be5 Qf7 21. Nf3 Ng6 22. Ng5 Qb7 23. Rxh7 Nxe5 24. fxe5 b4 25. Nd1 Bd7 26. Qh2 Kf8 27. Rxg7 1-0

[Event "Antofagasta Zicosur op 2nd"]
[Site "Antofagasta"]
[Date "2016.01.06"]
[Round "2"]
[White "Sauvageot Ledezma, Diego"]
[Black "Balladares, Luis Alberto"]
[Result "1-0"]
[WhiteElo "2006"]
[BlackElo "1678"]
[PlyCount "81"]
[EventDate "2016.01.05"]
[EventType "swiss"]
[EventRounds "9"]
[EventCountry "CHI"]
[SourceTitle "CBM 170 Extra"]
[Source "ChessBase"]
[SourceDate "2016.02.25"]
[SourceVersion "1"]
[SourceVersionDate "2016.02.25"]
[SourceQuality "1"]

1. d4 d5 2. c4 c6 3. cxd5 cxd5 4. Nc3 e6 5. Bf4 Nf6 6. e3 Qb6 7. a3 Bd7 8. b4 Be7 9. Bd3 0-0 10. Nge2 a6 11. 0-0 Nh5 12. Qc2 h6 13. Be5 Nc6 14. Na4 Qd8 15. g4 Rc8 16. Qd1 f6 17. Bg3 Nxg3 18. Nxg3 e5 19. Bf5 Bxf5 20. Nxf5 Kh7 21. Rc1 e4 22. f3 g6 23. Nxe7 Qxe7 24. Nb6 Rcd8 25. Rc5 Qe6 26. fxe4 Qxe4 27. Qf3 Qd3 28. Nxd5 Qxa3 29. Qg3 Rf7 30. Nxf6+ Kh8 31. g5 Rdf8 32. Qh3 h5 33. Qg3 Qxb4 34. Qd6 Qd2 35. Qg3 a5 36. d5 Qb4 37. Rcc1 h4 38. Qh3 Rxf6 39. gxf6 g5 40. dxc6 bxc6 41. Qd7 1-0